Kadra Realu Madryt w La Liga 2015/16 - Statystyki

Ogólne statystyki
  • Ten quiz został rozwiązany 174 razy
  • Średni wynik to 15 z 29
Statystyki odpowiedzi
Numer Narodowość Zawodnik % Poprawnych
7 Portugalia Cristiano Ronaldo
97%
11 Walia Gareth Bale
97%
1 Kostaryka Keylor Navas
95%
4 Hiszpania Sergio Ramos
92%
8 Niemcy Toni Kroos
91%
3 Portugalia Pepe
90%
10 Kolumbia James Rodriguez
87%
9 Francja Karim Benzema
87%
12 Brazylia Marcelo
81%
5 Francja Raphael Varane
81%
6 Hiszpania Nacho Fernandez
75%
14 Brazylia Casemiro
70%
15 Hiszpania Daniel Carvajal
64%
27 Norwegia Martin Ødegaard
59%
16 Chorwacja Mateo Kovacić
56%
22 Hiszpania Isco
50%
13 Hiszpania Kiko Casilla
45%
18 Hiszpania Lucas Vazquez
42%
21 Rosja Denis Cheryshev
33%
17 Hiszpania Alvaro Arbeloa
27%
20 Hiszpania Jese
27%
23 Brazylia Danilo
25%
29 Hiszpania Borja Mayoral
11%
28 Hiszpania Marcos Llorente
9%
32 Austria Philipp Lienhart
9%
34 Hiszpania Alvaro Tejero
4%
42 Belgia Alex Craninx
3%
33 Hiszpania Jose Carlos Lazo
3%
31 Hiszpania Ruben Yanez
3%
Nie znaleziono quizów pasujących do podanych kryteriów
Rozkład punktacji
Procent ludzi z każdym wynikiem
Percentyl według liczby udzielonych odpowiedzi
Twoja historia wyników
Nie rozwiązałeś tego quizu